Loading...
| Social Science | 0 | 3 | 0 | 0 | 30 | 63 | 69.00 | 0 | 0 | 0.00 | 0.00 |
| History - American | 0 | 3 | 0 | 0 | 30 | 68 | 86.67 | 0 | 1 | 0.00 | 0.00 |
| History - European | 0 | 3 | 1 | 0 | 25 | 56 | 81.33 | 2 | 3 | 0.00 | 0.00 |
| Philosophy | 0 | 2 | 0 | 0 | 20 | 50 | 86.50 | 0 | 1 | 0.00 | 0.00 |
| History - Other | 0 | 1 | 0 | 0 | 10 | 122 | 122.00 | 0 | 0 | 0.00 | 0.00 |
| Current Events | 0 | 1 | 0 | 0 | 10 | 54 | 54.00 | 0 | 1 | 0.00 | 0.00 |
| Science - Biology | 0 | 1 | 0 | 0 | 10 | 108 | 108.00 | 0 | 0 | 0.00 | 0.00 |
| Fine Arts - Other | 0 | 1 | 1 | 1 | 5 | 138 | 138.00 | 0 | 0 | 0.00 | 0.00 |
| History - World | 0 | 1 | 1 | 0 | 5 | 107 | 107.00 | 0 | 0 | 0.00 | 0.00 |